| 000 | 00575nam a22002057a 4500 | ||
|---|---|---|---|
| 003 | OSt | ||
| 005 | 20151118173723.0 | ||
| 008 | 151118b xxu||||| |||| 00| 0 eng d | ||
| 020 | _a0397550979 | ||
| 040 | _cDLMN. | ||
| 082 | _aWY150 S306i 1995. | ||
| 100 |
_aScherer,C.Jeanne;Timby,k.Barbara. _96201 |
||
| 245 | _aIntroductory Medical_surgical Nursing. | ||
| 250 | _a6th ed | ||
| 260 |
_aphiladelphia. _bJ B.Lippincott Company. _c1995 |
||
| 300 |
_aix,1114p; _bcol,ill; _c28cm |
||
| 504 | _aGlossary and index are included. | ||
| 650 |
_aNursing. _9135 |
||
| 942 |
_2z _cSLOAN |
||
| 999 |
_c2604 _d2604 |
||